One Middlesbrough Player by Nation - Statistics

General Stats
  • This quiz has been taken 237 times
  • The average score is 7 of 15
Answer Stats
Nation Player % Correct
England Stewart Downing | Robbie Mustoe | Gareth Southgate | +88 others
89%
Brazil Juninho Paulista | Doriva | Fábio Rochemback | +5 others
76%
Australia Mark Schwarzer | Mark Viduka | Brad Jones | +3 others
69%
Spain Gaizka Mendieta | Álvaro Negredo | Víctor Valdés | +3 others
68%
Netherlands George Boateng | Boudewijn Zenden | Jimmy Floyd Hasselbaink | +3 others
65%
Italy Gianluca Festa | Massimo Maccarone | Fabrizio Ravanelli | +2 others
57%
Uruguay Gastón Ramírez | Cristhian Stuani
38%
Germany Robert Huth | Christian Ziege
36%
Cameroon Joseph-Désiré Job | Geremi
29%
Colombia Hamilton Ricard | Bernardo Espinosa
27%
France Franck Queudrue | Jérémie Aliadière | Christian Karembeu | +1 other
24%
Scotland Derek Whyte | Robbie Stockdale | James Morrison | +4 others
23%
Ireland Curtis Fleming | Chris Morris | Andy Townsend | +8 others
22%
Argentina Julio Arca | Carlos Marinelli
21%
Slovakia Szilárd Németh | Vladimír Kinder
20%
No matching quizzes found
Score Distribution
Percent of People with Each Score
Percentile by Number Answered
Your Score History
You have not taken this quiz